000 00388nam a2200157Ia 4500
005 20250401011752.0
008 240331s9999 xx 000 0 und d
082 _bVAR
_a894
100 _aVaradarajan, M
245 0 _aTamizh ilakkiya varalaru
250 _a7th
260 _aNew Delhi
_bSahitya Akademi
_c1989
300 _a397 p .,
500 _aHistory Of Tamil Literature
942 _cL
999 _c4172
_d4172